Milionárska daň (novela zákona o daniach z príjmov)

Dňom 1. apríla 1998 nadobudla účinnosť novela zákona o daniach z príjmov č. 60/1998 Z.z., ktorou sa mení a dopĺňa zákon č. 286/1992 Zb. o daniach z príjmov. Komentár k novele zákona o daniach z príjmov. Dôsledky, ktoré bude mať uvedená novela. Porovnanie stupňovitej a kĺzavej sadzby dane. Progresívn...

ver descrição completa

Na minha lista:
Detalhes bibliográficos
Autor principal: Jánoš, Daniel
Formato: Capítulo de Livro
Idioma:eslovaco
Assuntos:
Tags: Adicionar Tag
Sem tags, seja o primeiro a adicionar uma tag!

MARC

LEADER 00000naa a2200000 4500
001 r032492
005 20230919081255.0
041 0 |a slo 
044 |a SK 
245 1 0 |a Milionárska daň  |b (novela zákona o daniach z príjmov)  |c Daniel Jánoš 
520 |a Dňom 1. apríla 1998 nadobudla účinnosť novela zákona o daniach z príjmov č. 60/1998 Z.z., ktorou sa mení a dopĺňa zákon č. 286/1992 Zb. o daniach z príjmov. Komentár k novele zákona o daniach z príjmov. Dôsledky, ktoré bude mať uvedená novela. Porovnanie stupňovitej a kĺzavej sadzby dane. Progresívna kĺzavá daň. Porovnanie daňového zaťaženia fyzickej osoby a právnickej osoby. 
610 2 0 |a dane z príjmov 
610 2 0 |a zákony 
610 2 0 |a Slovensko 
610 2 0 |a novelizácia 
610 2 0 |a 1998 
610 2 0 |a dane progresívne 
610 2 0 |a zaťaženie daňové 
610 2 0 |a osoby fyzické 
610 2 0 |a osoby právnické 
100 1 |a Jánoš, Daniel